| 000 | 00521nam a22001457a 4500 | ||
|---|---|---|---|
| 008 | 090804t ua|||||r|||| 000 0 ara d | ||
| 082 |
_a155.2 _bم س ت |
||
| 100 |
_916552 _aالمستكاوي، طه أحمد |
||
| 245 |
_aسيكولوجية الشخصية/ _cطه أحمد المستكاوي |
||
| 250 |
_a،ط 3 _bمزيدة و منقحة |
||
| 260 |
_aأسيوط: _bجامعة أسيوط ،2002 _c2002 |
||
| 300 |
_a352 ص : _bايض ؛ _c20 سم |
||
| 650 |
_914220 _aعلم النفس |
||
| 942 |
_2ddc _cBB _k155.2 م س ت |
||
| 999 |
_c12528 _d12528 |
||